Actually Random German Words - Statistics

General Stats
  • This quiz has been taken 721 times
  • The average score is 15 of 20
Answer Stats
German English % Correct
Nein no
100%
danke thanks
100%
Haus house
98%
Zwei two
98%
Ja yes
98%
Nacht night
96%
Apfel apple
95%
Hund dog
95%
gut good
95%
Kind child
93%
Morgen morning
93%
sprechen speak
93%
Frau woman
93%
wunderbar wonderful
93%
Liebe love
92%
Volk people
92%
Tag day
91%
leben live
90%
Salz salt
90%
Wurst sausage
90%
Zeit time
90%
Weiß white
90%
Blume flower
89%
schwarz black
88%
über over
88%
Schwein pig
88%
Arbeit work
88%
Mädchen girl
87%
Tee tea
87%
Berg mountain
85%
Junge boy
83%
Achtung attention
82%
Kaufen buy
79%
verboten forbidden
79%
Geist ghost
78%
schwer hard
78%
Ananas pineapple
78%
Bahn railway
78%
Flug flight
77%
glücklich happy
77%
Feld field
76%
Pferd horse
76%
Boot boat
75%
Fleisch meat
75%
Süss sweet
75%
Buche book
74%
Wald forest
74%
Blitz lightning
73%
Urlaub holiday
68%
Krieg war
68%
Osten east
63%
Heilige holy
49%
Schmerzen pain
48%
Kochen cooking
45%
Waffe weapon
44%
Geschmack taste
42%
Geschäft shop
41%
Bundesland state
40%
Sieg victory
36%
Doppelgänger lookalike
30%
Schlacht battle
23%
jawohl understood
15%
Beute swag
11%
No matching quizzes found
Score Distribution
Percent of People with Each Score
Percentile by Number Answered
Your Score History
You have not taken this quiz